Investing in Saudi Arabian industry.
| Corporate Author: | |
|---|---|
| Format: | Book |
| Published: |
Riyadh:
Saudi Consulting House,
1995.
|
| Subjects: |
| LEADER | 00487cam a2200169 7i4500 | ||
|---|---|---|---|
| 001 | 0000005946 | ||
| 005 | 19991025090000.0 | ||
| 002 | ##000007596 | ||
| 020 | 0 | 0 | |a T000005902 |
| 090 | 0 | 0 | |a SAUD 332.6 |b SAU |
| 110 | 1 | 0 | |a Saudi Consulting House |
| 245 | 1 | 0 | |a Investing in Saudi Arabian industry. |
| 260 | 0 | 0 | |a Riyadh: |b Saudi Consulting House, |c 1995. |
| 300 | 0 | 0 | |a 61 p.. |
| 650 | 0 | 0 | |a Investments -- |z Saudi Arabia |
| 651 | 0 | 0 | |a Saudi Arabia |
| 999 | |a 0000007846 |b Book |c Open shelf |e Business Information Centre | ||